Evaluación Inicial de riesgos laborales por puesto de trabajo del edificio antigua biblioteca ubicado frente a la piscina del recinto Universitario Simón Bolívar, UNI

Presenta estudio de Evaluación Inicial de riesgos laborales por puesto de trabajo del edificio antigua biblioteca ubicado frente a la piscina del recinto Universitario Simón Bolívar, UNI en el cual se procedió a la identificación de los peligros en el área, la estimación de los peligros encon...

Full description

Bibliographic Details
Main Authors: Romero Membreño, Judit Raquel, Sihakhom Vallestero, Boris Khammara, Ponce Siles, Steve Alexander
Other Authors: Tutor: Silvestri Jirón, Pietro Marcelo
Format: Tesis Section = Libro
Language:Undetermined
Spanish
Published: Managua UNI 2017
Subjects:
LEADER 01473nam a2200289Ia 4500
008 240830s9999 xx 000 0 und d
040 |a BIBLIOTECA-RUPAP Mon 363.11 R763 
041 |a spa 
082 |a Mon 363.11 R763 
100 1 |a Romero Membreño, Judit Raquel 
100 1 |b  Sihakhom Vallestero, Boris Khammara 
100 1 |c  Ponce Siles, Steve Alexander 
245 1 0 |a Evaluación Inicial de riesgos laborales por puesto de trabajo del edificio antigua biblioteca ubicado frente a la piscina del recinto Universitario Simón Bolívar, UNI 
260 |a Managua  |b UNI  |c 2017 
300 |a 326 p. :il. 
500 |a Contiene anexos y CD 
502 |a Tesis (Ingeniero Industrial)- UNI, 2017. 
520 3 |a Presenta estudio de Evaluación Inicial de riesgos laborales por puesto de trabajo del edificio antigua biblioteca ubicado frente a la piscina del recinto Universitario Simón Bolívar, UNI en el cual se procedió a la identificación de los peligros en el área, la estimación de los peligros encontrados y la elaboración de la matriz de riesgo correspondientes a las áreas y puestos de trabajo ubicados en el edificio. 
650 7 |a EVALUACION DE RIESGOS LABORALES 
650 7 |b MAPA DE RIESGOS 
650 7 |c HIGIENE Y SEGURIDAD OCUPACIONAL 
650 7 |d ACCIDENTES DE TRABAJO- MEDIDAS DE SEGURIDAD 
650 7 |e SEGURIDAD INDUSTRIAL 
700 1 |a Tutor:  |b Silvestri Jirón, Pietro Marcelo 
942 |c BK  |2 ddc 
991 |a TESIS 
999 |c 15498